La condición del intelectual en el mundo contemporáneo / (Record no. 60074)

MARC details
000 -LEADER
campo de control de longitud fija 01123nam a2200265 i 4500
001 - NÚMERO DE CONTROL
campo de control 60074
003 - IDENTIFICADOR DE NÚMERO DE CONTROL
campo de control ES-MaACL
005 - FECHA Y HORA DE LA ÚLTIMA TRANSACCIÓN
campo de control 20250812062523.0
007 - CAMPO FIJO DE DESCRIPCIÓN FÍSICA--INFORMACIÓN GENERAL
campo de control de longitud fija t|
008 - DATOS DE LONGITUD FIJA--INFORMACIÓN GENERAL
campo de control de longitud fija 031103s1960 sp 00110 spa d
080 ## - NÚMERO DE LA CLASIFICACIÓN DECIMAL UNIVERSAL
Número de la Clasificación Decimal Universal 004(042)
100 1# - ENTRADA PRINCIPAL--NOMBRE DE PERSONA
Nombre de persona Marcel, Gabriel,
Fechas asociadas al nombre 1889-1973
9 (RLIN) 156691
245 13 - MENCIÓN DEL TÍTULO
Título La condición del intelectual en el mundo contemporáneo /
Mención de responsabilidad, etc. Gabriel Marcel.
260 ## - PUBLICACIÓN, DISTRIBUCIÓN, ETC.
Lugar de publicación, distribución, etc. Madrid :
Nombre del editor, distribuidor, etc. Ateneo :
-- Editora Nacional,
Fecha de publicación, distribución, etc. 1960 (
Fabricante Gráf.Benzal)
300 ## - DESCRIPCIÓN FÍSICA
Extensión 24 cm ;
Dimensiones 19 cm.
490 1# - MENCIÓN DE SERIE
Mención de serie Colección "O crece o muere" ;
Designación de volumen o secuencia 144
505 0# - NOTA DE CONTENIDO CON FORMATO
Nota de contenido con formato El hombre de pensamiento y el intelectual ; Características del intelectual ; Razones de la actitud del intelectual
594 ## - Nota al título y mención de responsabilidad
Nota al título y mención de responsabilidad Este trabajo fue dado a conocer por su autor en la Universidad Internacional de Santander, en el Curso de Problemas Contemporáneos, el día 17 de agosto de 1959.
650 00 - PUNTO DE ACCESO ADICIONAL DE MATERIA--TÉRMINO DE MATERIA
Término de materia o nombre geográfico como elemento de entrada Intelectuales-
Subdivisión cronológica S.XX.
9 (RLIN) 13858
710 2# - ENTRADA AGREGADA--NOMBRE DE ENTIDAD CORPORATIVA
Nombre de entidad corporativa o nombre de jurisdicción como elemento de entrada Ateneo de Madrid.
9 (RLIN) 1875
710 2# - ENTRADA AGREGADA--NOMBRE DE ENTIDAD CORPORATIVA
Nombre de entidad corporativa o nombre de jurisdicción como elemento de entrada Universidad Internacional de Verano de Santander.
9 (RLIN) 172249
830 10 - PUNTO DE ACCESO ADICIONAL DE SERIE-TÍTULO UNIFORME
Título uniforme Colección "O crece o muere"
Designación de volumen o secuencia 144
9 (RLIN) 183476
852 4# - LOCALIZACIÓN
Ubicación ES-MaACL
Número de control de estantería J-24(144)
Holdings
Estatus retirado Estado de pérdida Estado de daño No para préstamo Biblioteca de origen Biblioteca actual Ubicación en estantería Fecha de adquisición Fuente de adquisición Total de préstamos Signatura topográfica completa Código de barras Visto por última vez Precio de reemplazo Tipo de ítem Koha
        Biblioteca del Ateneo de Madrid Biblioteca del Ateneo de Madrid Depósito 2 14/06/2021     J-24(144) 1202580 23/02/2023 23/02/2023 Libro impreso